=LDR 00000nam 2200000 4500 =001 INLIS000000000021114 =005 20190401023550 =035 ##$$a 0010-061300000021114 =008 190401###########################0#ind## =041 ##$$a Ind =082 ##$$a 346.02 =090 ##$$a 346.02, Sat h =100 ##$$a Satrio, J =245 1#$$a Hukum perikatan perikatan yang lahir dari undang-undang, /$c J. Satrio S.H =260 ##$$a Bandung :$b Citra Aditya Bakti,$c 1994 =300 ##$$a 280 hlm, ; $c 23 cm =650 ##$$a Hukum perikatan =850 ##$$a NBPNMAT =020 ##$$a 979-414-654-4 =084 ##$$a 346.02 SAT h =990 ##$$a 77.241/Pro.94 =990 ##$$a 00051542 =990 ##$$a 06810681 =990 ##$$a 75.336 pro.94 =990 ##$$a 77.241/Pro.94 =990 ##$$a 00051542